000 00502nam a2200157Ia 4500
008 230921s9999||||xx |||||||||||||| ||und||
020 _a978-3-030-17925-0
041 _aEN
100 _aOldrich Bubak, Henry Jacek
245 0 _aTrivialization and Public Opinion
250 _a1st ed. 2019
260 _c2019
_bSpringer International Publishing
856 _uhttps://doi.org/10.1007/978-3-030-17925-0
856 _uhttps://link.springer.com/openurl?genre=book&isbn=978-3-030-17925-0
942 _cEB
999 _c259955
_d259955